Kamus dinar : Arab-Melayu :
| Other Authors: | Abu Ansari Abdullah Thani |
|---|---|
| Published: |
Gombak:
Penerbitan Seribu Dinar,
2004.
|
| Subjects: |
| LEADER | 00529cam a2200157 7i4500 | ||
|---|---|---|---|
| 001 | 0000001612 | ||
| 005 | 20101228090000.0 | ||
| 020 | |a 983228435x (pbk.) | ||
| 020 | |a 9789832284352 | ||
| 090 | 0 | 0 | |a PL5092 |b .K35 2004 |
| 245 | 0 | 0 | |a Kamus dinar : |b Arab-Melayu : |b Arab-Melayu : |b Melayu-Arab |c penyusun Abu Ansari Abdullah Thani. |
| 260 | |a Gombak: |b Penerbitan Seribu Dinar, |c 2004. | ||
| 300 | |a vi, 517 p.; |c 21 cm. | ||
| 650 | 0 | 0 | |a Islamic |
| 700 | 0 | |a Abu Ansari Abdullah Thani | |
| 999 | |a 0000007282 |b BOK |c REFERENCE |e Ground Floor, Bestari Jaya | ||


